Actors who worked with Mel Gibson - Statistics

General Stats
  • This quiz has been taken 26 times
    16 since last reset
  • The average score is 9 of 37
Answer Stats
Films Answer % Correct
Hacksaw Ridge Andrew Garfield
90%
Flight Risk Mark Wahlberg
90%
The Passion of the Christ Jim Caviezel
80%
Hacksaw Ridge Vince Vaughn
70%
Braveheart Brendan Gleeson
60%
Hacksaw Ridge Hugo Weaving
60%
Flight Risk Topher Grace
50%
Flight Risk Michelle Dockery
40%
The Passion of the Christ Monica Bellucci
40%
Hacksaw Ridge Sam Worthington
40%
Braveheart Angus Macfadyen
30%
Braveheart Brian Cox
30%
Apocalypto Rudy Youngblood
30%
Hacksaw Ridge Teresa Palmer
30%
Apocalypto Gerardo Taracena
20%
Braveheart James Cosmo
20%
Hacksaw Ridge Luke Bracey
20%
Braveheart Patrick McGoohan
20%
Hacksaw Ridge Rachel Griffiths
20%
Apocalypto Raoul Max Trujillo
20%
Braveheart Sophie Marceau
20%
Braveheart Catherine McCormack
10%
The Passion of the Christ Christo Jivkov
10%
Flight Risk Leah Remini
10%
The Passion of the Christ Maia Morgenstern
10%
Apocalypto Antonio Monroy
0%
The Man Without a Face Fay Masterson
0%
The Passion of the Christ Francesco De Vito
0%
The Man Without a Face Gaby Hoffmann
0%
The Man Without a Face Geoffrey Lewis
0%
Apocalypto Iazua Larios
0%
Braveheart James Robinson
0%
The Man Without a Face Margaret Whitton
0%
The Man Without a Face Nick Stahl
0%
Flight Risk Paul Ben-Victor
0%
Braveheart Peter Mullan
0%
The Man Without a Face Zach Grenier
0%
No matching quizzes found
Score Distribution
Percent of People with Each Score
Percentile by Number Answered
Your Score History
You have not taken this quiz since the last reset